C lculo 2. De varias variables / Ron Larson (Registro nro. 25497)

Detalles MARC
000 -LÍDER
fixed length control field 00380nam a2200145 4500
020 ## - NÚMERO INTERNACIONAL NORMALIZADO PARA LIBROS
ISBN 978-970-10-7134-2
050 ## - SIGNATURA TOPOGRAFICA DE LA BIBLIOTECA DEL CONGRESO (LC)
Número de Clasificación QA303 L3818 2010 V.2
082 ## - NUMERO DE CLASIFICACION DECIMAL DEWEY
Número de Clasificación 515.15 L134cv
100 ## - ASIENTO PRINCIPAL--NOMBRE PERSONAL
Nombre personal Larson, Ron
245 ## - TÍTULO
Título C lculo 2. De varias variables / Ron Larson
250 ## - MENCIÓN DE EDICIÓN
Mención de edición 9
260 ## - PUBLICACIÓN, DISTRIBUCIÓN, ETC. (PIE DE IMPRENTA)
Lugar de publicación, distribución, etc. México : McGraw-Hill
300 ## - DESCRIPCIÓN FÍSICA
Extensión xvi, 1202 p. / 28 cm
650 ## - ASIENTO SECUNDARIO DE MATERIA - TERMINO TEMÁTICO
Término temático o nombre geográfico como elemento de entrada 1. CALCULO 2. VARIABLES
Existencias
No. biblioteca No. biblioteca Número de clasificación Código de barras/Número de adquisición Número de copia Tipo de material
LUIS G. INCLAN LUIS G. INCLAN 515.15 L134cv 49142 1 Libros
Calzada Tecnológico # 27, Zacatepec, Morelos.
01(734) 343-07-23 / 343-21-10 / 343-21-11
Apdo. Postal 45 C.P 62780